000 00785nam a22001937a 4500
999 _c372055
_d372055
008 201127b ||||| |||| 00| 0 eng d
040 _aDE-2950
_bger
_cDE-2950
_erda
041 _ager
245 _aDas Kießlinghaus ist fast wieder komplett.
_bImmobilien. Die Sanierung des Gebäudes gehört zu den Erfolgsgeschichten im Jahr 2022. Jetzt schwebt eine weitere Richtkrone über dem Ensemble /
_cRené Matschkowiak
264 _c2022
653 _aFrankfurt (Oder)
653 _aKießlinghaus Leipziger Straße
653 _aSanierung
773 _dFrankfurt (Oder) Märkisches Verlags- und Druckhaus GmbH & Co KG
_tMärkische Oderzeitung
_g33. Jahrgang (2022) Nr. 296 vom 20.12.2022, S. 13
942 _cA